| 000 | 00370nam a2200133 a 4500 | ||
|---|---|---|---|
| 001 | 5479 | ||
| 003 | CDMR | ||
| 005 | 20130116135309.0 | ||
| 008 | 130130s1903||||||||||||||||||||||||||||d | ||
| 040 |
_aCDMR _bcat _cCPC GIRONA |
||
| 245 | 0 |
_aPrimers jocs florals de l'Associació Regionalista l'Escut Emporità _bAny 1903 vol |
|
| 260 |
_c1903 _bTemes locals catalans |
||
| 942 | _cMON | ||
| 999 |
_c5479 _d5479 |
||